Нормален изглед
MARC изглед
- галенови препарати
Вход 08. Ключови думи
001 - Контролен номер на записа
- Контролно поле: 454115
003 - Код на организацията, даваща контролен номер
- Контролно поле: BLK
005 - Дата и час на последна промяна на записа
- Контролно поле: 20210518081802.0
008 - Данни с фиксирана дължина – обща информация
- Данни с фиксирана дължина : 210518|| aca||aabn | a|a d
153 ## - Ключови думи
- Ключова дума: галенови препарати
942 ## - Системна служебна употреба
- Koha auth type: KEW